Public opinion in America /

Αποθηκεύτηκε σε:
Λεπτομέρειες βιβλιογραφικής εγγραφής
Κύριος συγγραφέας: Monroe, Alan D.
Μορφή: Βιβλίο
Γλώσσα:English
Έκδοση: New York : Dodd, Mead, 1975.
Θέματα:
LEADER 00895nam a2200253 i 4500
001 c000061170
003 CARM
005 00000000000000.0
008 750414s1975 nyua b 00110 eng
019 1 |a 454163  |5 LACONCORD2021 
020 |a 0396071007 
035 |a (OCoLC)1323799  |5 LACONCORD2021 
043 |a n-us--- 
050 0 0 |a HN90.P8  |b M65 
100 1 |a Monroe, Alan D. 
245 1 0 |a Public opinion in America /  |c Alan D. Monroe. 
260 |a New York :  |b Dodd, Mead,  |c 1975. 
300 |a xiv, 296 p. :  |b ill. ;  |c 23 cm. 
504 |a Includes bibliographical references and index. 
650 0 |a Public opinion  |z United States. 
852 8 |b CARM  |h A2:AI13A0  |i B04158  |p 0192000  |f BK 
082 0 4 |a 301.15/4/0973 
999 f f |i 76e03668-0d07-5ee1-b1d2-9dd3343af7de  |s c4019163-9db2-5a19-88e5-972929f161d2 
952 f f |p Can circulate  |a CAVAL  |b CAVAL  |c CAVAL  |d CARM 1 Store  |e B04158  |f A2:AI13A0  |h Other scheme  |i book  |m 0192000